000 00322nam a2200121Ia 4500
008 171211s9999 xx 000 0 und d
020 _a9780323228367
100 _aFrazier, Schell Margaret
245 _aEssentials of Human Diseases and Conditions
250 _aVI
260 _bElsivier Inc.
_c2016
300 _a952 pages
999 _c350819
_d350819